000 01328nam a2200337 c 4500
003 BLK
005 20180422094344.0
008 180412b bul|||||r ||||||| ||bul||
010 _aKNG00013801000
040 _aBLK
041 _aBUL
_cBUL
080 _aАмериканска литература (на САЩ)
_b821.111(73)
_x-312.9
_z821.111(73)-312.9
100 1 _aСаймък, Клифърд Д.
_eпърви автор
_9118469
700 1 _aСтоянов, Георги
_eпрев. от англ.
_9363499
139 _aСаймък, Клифърд Д.
_bС 13
245 1 0 _aЦарството на злото
_bРоман
_cКлифърд Д. Саймък; прев. от англ. Георги Стоянов.
257 _aUSA
260 София
_bБард
_c1996
300 _a240 с.
_c20 см
380 _aX
490 1 _aКолекция Клифърд Саймък
490 1 _3Подсерия
_aБиблиотека Фентъзи клуб
_v№ 16
500 _a30 Ориг. загл. Where the Evil Dwells / Clifford Simak. - 6 000 тир.
653 _aфентъзи
653 _aромани
852 _aЦб 189969
856 4 _qpdf
_u
856 4 _qpdf
_u
942 _cKNG
_n0
944 _aCR
_c15.01.2003
_lф /
_kЦветанка_Енчева
944 _aED
_c04.11.2016
_lф /
_kЛюдмила_Стоянова
999 _c12214
_d12214